000
00316nam a22001337a 4500
008
181012b xxu||||| |||| 00| 0 eng d
020
_a
9780313330407
041
_a
eng
080
_2
6th
_a
371
100
_a
25
101
_a
EDU
245
_a
How to Write and Publish a Scientific Paper
_c
Day, R.A
942
_2
udc
_c
BK
999
_c
49486
_d
49486